Trillizo Escribir Rápido - A-Z - Estadísticas

Estadísticas generales
  • Esta prueba ha sido intentada 4.334 veces
  • La puntuación promedio es 34 de 78
Estadísticas de respuestas
letter % Correcto
a
100%
b
96%
c
94%
d
92%
e
92%
f
90%
g
89%
h
88%
i
87%
j
87%
k
86%
l
86%
m
85%
n
84%
o
81%
p
81%
q
79%
r
78%
s
77%
t
77%
u
75%
v
74%
w
73%
x
70%
y
68%
z
67%
A
63%
B
61%
C
59%
D
57%
E
57%
F
55%
G
53%
H
52%
I
51%
J
49%
K
47%
L
46%
M
44%
N
42%
O
41%
P
40%
Q
37%
R
36%
S
34%
T
33%
U
32%
V
30%
W
27%
X
22%
Y
21%
Z
20%
A
18%
B
17%
C
15%
D
14%
E
13%
F
12%
G
11%
H
10%
I
8%
J
7%
K
6%
L
6%
M
6%
N
5%
O
5%
P
5%
Q
4%
R
3%
S
3%
T
2%
U
2%
V
2%
W
1%
X
1%
Y
1%
Z
1%
No se encontraron pruebas coincidentes
Distribución de puntuación
Porcentaje de gente con cada puntuación
Porcentaje por número respondido
Historial de tus puntuaciones
No has intentado esta prueba.